000 00490pab a2200181 454500
008 180718b2010 xxu||||| |||| 00| 0 eng d
100 _aLugosi, Peter
245 _aHospitality, culture and regeneration: Urban decay, entrepreneurship and the `ruin' bars of Budapest
260 _c2010
300 _ap.3079-3101.
362 _aDec
650 _aUrban development
700 _aLugosi, Krisztina
700 _aBell, David
773 _aUrban Studies
908 _aN
909 _a90919
999 _c90919
_d90919